01479cam a22003857a 4500003000500000005001700005008004100022010000900063011000900072035000900081040000900090090001000099100003900109245016100148260004300309300001000352502007700362590003700439590004100476590004100517590004100558590004200599650003000641650003700671650003400708650003300742650004000775650003900815700003900854901000700893942001000900949004100910999001500951952012700966CHAP20220329133227.0971013s1991 r 00010 d a3631 a4603 a3807 cCHAP aTesis00aHerrera García, Andrés.954873 0aEfecto del acolchado con poliétileno, bajo la aplicación foliar en el cultivo de calabacita Cucurbita pepo L.) var. Grey Zucchini, en Chapingo, México aChapingo, Méx. :bLos autores,c1991 a166 h aTesis (Ing. Agr. Esp. en Fitotecnia) -- UACH. Departamento de Fitotecnia aALEPHb10c20130110lUCH01h1215 aBATCH-UPDb10c20130110lUCH01h0948 aBATCH-UPDb10c20130410lUCH01h0603 aBATCH-UPDb10c20130913lUCH01h1911 aCONVERSIONb10c20130109lUCH01h130314aAcolchado de suelos.962314aCalabazaxMéxico (Edo.)91728614aCalabazaxRendimiento.91729414aDiagnóstico foliar.93239414aFertilizantes para calabaza.94060914aPlásticos en agricultura.9891990 aJiménez Aguayo, Salvador.961443 aBK cTESIS bBCcTESd-13335eTS1h24618i3807si c3631d3631 00102local4051708TESISaBCbBCcPA_TESISd2019-12-31fTESISl0oTesisp-13335r2019-12-31 00:00:00w2019-12-31yTESIS